Decimal a Binario Rápido - Estadísticas

Estadísticas generales
  • Esta prueba ha sido intentada 646 veces
  • La puntuación promedio es 11 de 20
Estadísticas de respuestas
Decimal Binario % Correcto
1 1
83%
2 10
83%
3 11
76%
4 100
75%
11 1011
73%
10 1010
71%
5 101
70%
13 1101
70%
7 111
70%
6 110
69%
8 1000
68%
15 1111
64%
9 1001
63%
12 1100
63%
18 10010
59%
14 1110
57%
17 10001
56%
26 11010
56%
63 111111
56%
62 111110
55%
24 11000
54%
22 10110
52%
36 100100
50%
47 101111
50%
59 111011
50%
16 10000
48%
20 10100
48%
19 10011
46%
21 10101
44%
23 10111
43%
33 100001
42%
54 110110
42%
25 11001
41%
43 101011
40%
31 11111
40%
32 100000
39%
39 100111
39%
45 101101
39%
46 101110
38%
51 110011
38%
53 110101
37%
30 11110
37%
34 100010
33%
60 111100
33%
35 100011
32%
41 101001
32%
42 101010
31%
37 100101
30%
48 110000
30%
27 11011
30%
29 11101
30%
55 110111
29%
56 111000
29%
57 111001
29%
61 111101
27%
38 100110
26%
49 110001
26%
52 110100
26%
40 101000
25%
28 11100
25%
58 111010
22%
50 110010
18%
44 101100
17%
No se encontraron pruebas coincidentes
Distribución de puntuación
Porcentaje de gente con cada puntuación
Porcentaje por número respondido
Historial de tus puntuaciones
No has intentado esta prueba.